00803nam a22001931i 450000100060000001000180000610000410002410100080006520000640007321000580013721500340019530001920022960600320042167500120045370000340046570200600049970200380055980100120059717621 a9789899757905 a20170304u u u0frey50 ba0 apor1 fJoaninha de CabeçãoaRibe-bé-béu! Laréu-ao-léu! cLupa Design de Comunicação e IdeiasaLisboad2011 a45, [1] p.cil. d24 cme1 CD aInclui CD com voz de Joaninha de Cabeção, música de Sónia Mendes e gravação e masterização do áudio de Carlos Menezes. - Apoio da Câmara Municipal de Viana do Alentejo aHistórias para crianças a8:087.5 1aCabeçãobJoaninha de4070 1aPequenos Artistas do Concelho de Viana do Alentejo4440 1aWojciechowskabDanuta4440f1960- aPTgRPC